<?xml version="1.0" encoding="UTF-8"?>
<record
    xmlns:xsi="http://www.w3.org/2001/XMLSchema-instance"
    xsi:schemaLocation="http://www.loc.gov/MARC21/slim http://www.loc.gov/standards/marcxml/schema/MARC21slim.xsd"
    xmlns="http://www.loc.gov/MARC21/slim">

  <leader>01635nam a2200241 a 4500</leader>
  <controlfield tag="001">000041801</controlfield>
  <controlfield tag="005">20250520113501.0</controlfield>
  <controlfield tag="008">090820s1995    sp            001 0 spa d</controlfield>
  <datafield tag="020" ind1=" " ind2=" ">
    <subfield code="a">8481640468</subfield>
  </datafield>
  <datafield tag="040" ind1=" " ind2=" ">
    <subfield code="a">DO-SdBNP</subfield>
    <subfield code="b">spa</subfield>
    <subfield code="c">BNPHU</subfield>
  </datafield>
  <datafield tag="082" ind1=" " ind2=" ">
    <subfield code="a">153.42</subfield>
    <subfield code="b">M549h</subfield>
  </datafield>
  <datafield tag="245" ind1="0" ind2="0">
    <subfield code="a">La mente humana /</subfield>
    <subfield code="c">edici&#xF3;n de Fernando Broncano.</subfield>
  </datafield>
  <datafield tag="260" ind1=" " ind2=" ">
    <subfield code="a">Madrid :</subfield>
    <subfield code="b">Trotta :</subfield>
    <subfield code="b">Consejo Superior de Investigaciones Cient&#xED;ficas :,</subfield>
    <subfield code="c">1995.</subfield>
  </datafield>
  <datafield tag="300" ind1=" " ind2=" ">
    <subfield code="a">v. ;</subfield>
    <subfield code="c">24 cm.</subfield>
  </datafield>
  <datafield tag="490" ind1="1" ind2=" ">
    <subfield code="a">Enciclopedia Iberoam&#xE9;ricana de Filosof&#xED;a</subfield>
    <subfield code="v">8</subfield>
  </datafield>
  <datafield tag="500" ind1=" " ind2=" ">
    <subfield code="a">Incluye referencias bibliogr&#xE1;ficas y notas al pie de las p&#xE1;ginas</subfield>
  </datafield>
  <datafield tag="505" ind1="0" ind2=" ">
    <subfield code="a">La tesis de la identidad mente-cuerpo / Eduardo Rabossi -- El funcionalismo / Manuel Garc&#xED;a-Carpintero -- La concepci&#xF3;n teol&#xF3;gica de los estados mentales y de su contenido / Daniel Quesada -- Teor&#xED;as de la arquitectura de lo mental / Jes&#xFA;s Ezquerro -- El conexionismo y su impacto en la filosof&#xED;a de la mente / Josep Corb&#xED; y Josep L. Paredes -- Teor&#xED;a del contenido mental / Juan Jos&#xE9; Acero -- Causalidad y contenido mental / Manuel Liz -- Eliminativismo y el futuro de la psicolog&#xED;a popular / Josefa Toribio Mateas -- Evoluci&#xF3;n y lenguaje / Antoni Gomila Benejam -- El control racional de la conducta / Fernando Broncano -- Percepci&#xF3;n / Vicente Sanf&#xE9;lix Vidarte -- Qualia: propiedades fenomenol&#xF3;gicas / Alfonso Garc&#xED;a Su&#xE1;rez -- Conciencia / Enrique Villanueva.</subfield>
  </datafield>
  <datafield tag="650" ind1=" " ind2="0">
    <subfield code="a">Pensamiento</subfield>
    <subfield code="9">22995</subfield>
  </datafield>
  <datafield tag="650" ind1=" " ind2="4">
    <subfield code="a">Psicolog&#xED;a del aprendizaje</subfield>
    <subfield code="9">2721</subfield>
  </datafield>
  <datafield tag="700" ind1="1" ind2="2">
    <subfield code="a">Broncano, Fern&#xE1;ndez</subfield>
    <subfield code="e">ed.</subfield>
    <subfield code="9">68666</subfield>
  </datafield>
  <datafield tag="830" ind1=" " ind2="0">
    <subfield code="a">Enciclopedia Iberoam&#xE9;ricana de Filosof&#xED;a</subfield>
    <subfield code="n">2</subfield>
    <subfield code="9">68667</subfield>
  </datafield>
  <datafield tag="910" ind1=" " ind2=" ">
    <subfield code="a">Validado. Control de calildad MFF</subfield>
  </datafield>
  <datafield tag="952" ind1=" " ind2=" ">
    <subfield code="0">0</subfield>
    <subfield code="1">0</subfield>
    <subfield code="5">0</subfield>
    <subfield code="7">1</subfield>
    <subfield code="8">MO</subfield>
    <subfield code="a">GR</subfield>
    <subfield code="b">GR</subfield>
    <subfield code="c">HD</subfield>
    <subfield code="d">2013-10-17</subfield>
    <subfield code="i">LF1</subfield>
    <subfield code="l">0</subfield>
    <subfield code="o">153.42 M549h</subfield>
    <subfield code="p">41801-10</subfield>
    <subfield code="r">2020-06-25</subfield>
    <subfield code="w">2020-06-25</subfield>
    <subfield code="y">1</subfield>
    <subfield code="Z">No se presta</subfield>
  </datafield>
  <datafield tag="999" ind1=" " ind2=" ">
    <subfield code="c">41290</subfield>
    <subfield code="d">41290</subfield>
  </datafield>
</record>
